The 8051 microcontroller : architecture, programming and applications (Record no. 207500)
[ view plain ]
| 000 -LEADER | |
|---|---|
| fixed length control field | 00480nam a2200169Ia 4500 |
| 008 - FIXED-LENGTH DATA ELEMENTS--GENERAL INFORMATION | |
| fixed length control field | 231221s9999 xx 000 0 und d |
| 041 ## - LANGUAGE CODE | |
| Language code of text/sound track or separate title | English |
| 082 ## - DEWEY DECIMAL CLASSIFICATION NUMBER | |
| Classification number | 621.3981 AYA; |
| 100 ## - MAIN ENTRY--PERSONAL NAME | |
| Personal name | Ayala, Kenneth J |
| 245 #4 - TITLE STATEMENT | |
| Title | The 8051 microcontroller : architecture, programming and applications |
| 250 ## - EDITION STATEMENT | |
| Edition statement | 2nd ed. |
| 260 ## - PUBLICATION, DISTRIBUTION, ETC. | |
| Date of publication, distribution, etc. | 1997 |
| Name of publisher, distributor, etc. | Thomson |
| Place of publication, distribution, etc. | Australia |
| 300 ## - PHYSICAL DESCRIPTION | |
| Extent | xv+367 |
| 300 ## - PHYSICAL DESCRIPTION | |
| Dimensions | 37032 |
| 650 ## - SUBJECT ADDED ENTRY--TOPICAL TERM | |
| Topical term or geographic name entry element | 8051,microcontroller,:,architecture,,programming |
| 942 ## - ADDED ENTRY ELEMENTS (KOHA) | |
| Koha item type | Floppies |
| Date last seen | Total checkouts | Full call number | Accession number | Price effective from | Category | Lost status | Damaged status | Department | Withdrawn status | Home library | Current library | Shelving location | Entry date | Vendor | Grants | Billnumber | Billdate | Currency symbol | Conversion rate | Discount | Old discount |
|---|---|---|---|---|---|---|---|---|---|---|---|---|---|---|---|---|---|---|---|---|---|
| 26/01/2024 | 621.3981 AYA; | FP520 | 26/01/2024 | Floppies | Central Library | Central Library | Central Library | Central Library | I K International | TC | 18 | 21/06/2010 | RS | 1 | 25 | ||||||
| 26/01/2024 | 621.3981 AYA | FP530 | 26/01/2024 | Floppies | TC | Central Library | Central Library | TC | Tata Book House | TC | 1469 | 21/06/2010 | RS | 1 | 20 | ||||||
| 26/01/2024 | 621.3981 AYA | FP531 | 26/01/2024 | Floppies | CS | Central Library | Central Library | CS | Sapna Book House | CS | 6 | 21/06/2010 | RS | 1 | 20 | ||||||
| 26/01/2024 | 621.3981 AYA | FP532 | 26/01/2024 | Floppies | CS | Central Library | Central Library | CS | Sapna Book House | CS | 6 | 21/06/2010 | RS | 1 | 20 | ||||||
| 26/01/2024 | 621.3981 AYA; | FP535 | 26/01/2024 | Floppies | Central Library | Central Library | Central Library | Central Library | Sapna Book House | TC | 32136 | 21/06/2010 | RS | 1 | 20 | ||||||
| 26/01/2024 | 621.3981 AYA; | FP536 | 26/01/2024 | Floppies | Central Library | Central Library | Central Library | Central Library | Sapna Book House | TC | 32136 | 21/06/2010 | RS | 1 | 20 | ||||||
| 26/01/2024 | 621.3981 AYA; | FP537 | 26/01/2024 | Floppies | Central Library | Central Library | Central Library | Central Library | Sai Books | EC | 159 | 21/06/2010 | RS | 1 | 20 | ||||||
| 26/01/2024 | 621.3981 AYA; | FP538 | 26/01/2024 | Floppies | Central Library | Central Library | Central Library | Central Library | Sai Books | EC | 159 | 21/06/2010 | RS | 1 | 20 |
